Library Banner

Vo nguyen giap (Record no. 82218)

MARC details
000 -LEADER
fixed length control field 00339nam a22001337a 4500
005 - DATE AND TIME OF LATEST TRANSACTION
control field 20160125123624.0
008 - FIXED-LENGTH DATA ELEMENTS--GENERAL INFORMATION
fixed length control field 160125b xxu||||| |||| 00| 0 eng d
040 ## - CATALOGING SOURCE
Transcribing agency PK-LaUMT
082 ## - DEWEY DECIMAL CLASSIFICATION NUMBER
Classification number AMC 959.704331
Item number NGU-
245 ## - TITLE STATEMENT
Title Vo nguyen giap
Remainder of title selected writings
260 ## - PUBLICATION, DISTRIBUTION, ETC. (IMPRINT)
Place of publication, distribution, etc Hanoi
Name of publisher, distributor, etc Foreing languages
Date of publication, distribution, etc 1977
300 ## - PHYSICAL DESCRIPTION
Extent 514 p.
942 ## - ADDED ENTRY ELEMENTS (KOHA)
Koha item type Books
Holdings
Withdrawn status Lost status Damaged status Home library Current library Date acquired Full call number Barcode Date last seen Price effective from Koha item type
      UMT Main Campus UMT Main Campus 2016-01-25 AMC 959.704331 NGU- 85688 2016-01-25 2016-01-25 Books